Automotive air conditioning (Record no. 35350)

MARC details
000 -LEADER
fixed length control field 00537nam a2200157 a 4500
008 - FIXED-LENGTH DATA ELEMENTS--GENERAL INFORMATION
fixed length control field 120416s0000 ||||||||||||||||| || u
020 ## - INTERNATIONAL STANDARD BOOK NUMBER
International Standard Book Number 0827310072
050 ## - LIBRARY OF CONGRESS CALL NUMBER
Classification number TL 271.5 Dwi
100 ## - MAIN ENTRY--PERSONAL NAME
Personal name Dwiggins, Boyce H
245 10 - TITLE STATEMENT
Title Automotive air conditioning
250 ## - EDITION STATEMENT
Edition statement 4th ed.
260 ## - PUBLICATION, DISTRIBUTION, ETC.
Place of publication, distribution, etc. Albany, [N.Y.]
Name of publisher, distributor, etc. Delmar Publishers
Date of publication, distribution, etc. 1978
300 ## - PHYSICAL DESCRIPTION
Extent vi, 408p. : ill.
350 ## - PRICE (NR) (BK AM CF MU VM SE) [OBSOLETE]
Price 0.00
995 ## - RECOMMENDATION 995 [LOCAL, UNIMARC FRANCE]
-- 0.00
-- CBU-MAIN LIBRARY (Kitwe)
-- 1
-- 10.95
-- AVAILABLE
-- Main Library Open Access Collection
Holdings
Withdrawn status Lost status Source of classification or shelving scheme Damaged status Not for loan Home library Current library Shelving location Date acquired Total Checkouts Full call number Barcode Date last seen Price effective from Koha item type
          CBU-MAIN LIBRARY, KITWE. CBU-MAIN LIBRARY, KITWE.   11/30/2022   TL 271.5 Dwi 015803 11/30/2022 11/30/2022 MONOGRAPH